Normal view
MARC view
- American Association of State Highway Officials.
Entry Corporate Name
001 - CONTROL NUMBER
- control field: 19995
003 - CONTROL NUMBER IDENTIFIER
- control field: NUST
005 - DATE AND TIME OF LATEST TRANSACTION
- control field: 20190905095838.0
008 - FIXED-LENGTH DATA ELEMENTS
- fixed length control field: 190905|| aca||aabn | a|a d
040 ## - CATALOGING SOURCE
- Original cataloging agency: NUST
- Transcribing agency: NUST
110 ## - HEADING--CORPORATE NAME
- Corporate name or jurisdiction name as entry element: American Association of State Highway Officials.
- Subordinate unit: Committee on Planning and Design Policies.
670 ## - SOURCE DATA FOUND
- Source citation: Work cat.: (NUST)0: American Association of State Highway and Transportation. 19994, Geometric design standards for highways other than freeways, 1969., [1969]
